LIBRARY ONLINE CATALOGUE

The influence of individual and institutional factors on counselor's intention to seek counselling supervision services in Nairobi county, Kenya (Record no. 17425)

MARC details
000 -LEADER
fixed length control field 00723nam a22001937a 4500
008 - FIXED-LENGTH DATA ELEMENTS--GENERAL INFORMATION
fixed length control field 190212b xxu||||| |||| 00| 0 eng d
040 ## - CATALOGING SOURCE
Original cataloging agency KABU
Transcribing agency KABU
050 ## - LIBRARY OF CONGRESS CALL NUMBER
Classification number BF637
Item number .CK53 2017 c. 1
100 ## - MAIN ENTRY--PERSONAL NAME
Personal name Kiarie, Jane Metumi
245 ## - TITLE STATEMENT
Title The influence of individual and institutional factors on counselor's intention to seek counselling supervision services in Nairobi county, Kenya
Statement of responsibility, etc. Jane Metumi Kiarie
250 ## - EDITION STATEMENT
Edition statement 1st ed.
260 ## - PUBLICATION, DISTRIBUTION, ETC. (IMPRINT)
Place of publication, distribution, etc. Kabarak, Nakuru, Kenya
Name of publisher, distributor, etc. Kabarak University
Date of publication, distribution, etc. 2017
300 ## - PHYSICAL DESCRIPTION
Extent xix, 223 leaves.
650 ## - SUBJECT ADDED ENTRY--TOPICAL TERM
Topical term or geographic name as entry element Counselors
General subdivision Supervision of
650 ## - SUBJECT ADDED ENTRY--TOPICAL TERM
Topical term or geographic name as entry element Corporate culture
700 ## - ADDED ENTRY--PERSONAL NAME
Personal name Kiptiony, Gladys J.
Titles and other words associated with a name Doctor
700 ## - ADDED ENTRY--PERSONAL NAME
Personal name Mwenje, Margaret K.
Titles and other words associated with a name Doctor
942 ## - ADDED ENTRY ELEMENTS (KOHA)
Source of classification or shelving scheme Library of Congress Classification
Koha item type Thesis, Dissertation and Projecs
Classification part BF637
Call number prefix The
Holdings
Withdrawn status Lost status Source of classification or shelving scheme Not for loan Home library Current library Date acquired Total Checkouts Full call number Barcode Date last seen Copy number Price effective from Koha item type
    Library of Congress Classification   Kabarak, Main Campus Kabarak, Main Campus 12/02/2019   BF637 .CK53 2017 c. 1 022889 12/02/2019 c. 1 12/02/2019 Thesis, Dissertation and Projecs